Представление документа в формате RUSMARC

ПолеНазваниеЗначение
  Тип записи a
  Библиографический уровень m
001 Контрольный номер 87fd307054eb47b1ac870b07a77111ed
005 Дата корректировки 20140611084301.8
010 Индекс ISBN __
a ISBN 5-94798-780-5
200 Заглавие и сведения об ответственности 1_
a Заглавие Санитарные правила и нормы для предприятий торговли и общественного питания
210 Выходные данные 1_
a Место издания М.
c Издательство Дашков и К
d Дата издания 2005
215 Физическое описание __
a Объем 211 с.
610 Ключевые слова 0_
a Ключевые слова санитарные правила
610 Ключевые слова 0_
a Ключевые слова санитарные нормы
610 Ключевые слова 0_
a Ключевые слова торговые предприятия
610 Ключевые слова 0_
a Ключевые слова общественное питание
686 Индексы других классификаций __
a Классификационный индекс 65.9(2)421
2 Код системы rubbk
686 Индексы других классификаций __
a Классификационный индекс 65.9(2)424
2 Код системы rubbk
686 Индексы других классификаций __
a Классификационный индекс 67.623
2 Код системы rubbk
801 Источник записи _0
a Страна RU
b Организация РУК
c Дата составления 20041101
g Правила каталогизации PSBO
801 Источник записи _1
a Страна RU
b Организация РУК
c Дата составления 20041101
g Правила каталогизации PSBO
852 Данные о местонахождении __
i Авторский знак С 18
j Шифр хранения ББК 65.9(2)421
901 Тип документа __
t Тип документа m
938 Служебная информация __
a Название организации Головной вуз
b Имя БД BOOK
c Название АИБС АИБС ИРБИС